Текст томруулах:    
Essays on ethics in business and the professions (Бичлэгийн дугаар. 146042)
000 -УДИРДЛАГА
Удирдлага 00845nam a22002897a 4500
003 - ХЯНАЛТЫН ТОО ТОДОРХОЙЛОГЧ
Код MN-UlNUM
005 - БИЧИЛТ ХИЙСЭН ОГНОО
Тухайн бичилтийг бичсэн засварласан сүүлийн огноо 20260102093911.0
008 - ЕРӨНХИЙ МЭДЭЭЛЭЛ
Ерөнхий мэдээлэл 260102s1988 nju|b||| |||| 00| 0 eng |
020 ## - ISBN
ISBN 0132836238
040 ## - БИЧЛЭГ ҮҮСГЭГЧ БАЙГУУЛЛАГА
Бичлэг үүсгэгч номын сангийн код МУИС-ийн номын сан
084 ## - ББК АНГИЛАЛ
Нэмэлт тусгалт Бусад
ББК ангилал 87.75
Зохиогчийн гурван тэмдэгт B 39
Мэдлэгийн ялгаа 87 - Гүн ухаан
100 1# - ЗОХИОГЧ
Зохиогчийн нэр Behrman, Jack N.
245 10 - ҮНДСЭН ГАРЧИГ
Номын нэр Essays on ethics in business and the professions
Оролцогчдын тухай мэдээ Jack N. Behrman.
260 ## - ГАРАЛТЫН МЭДЭЭ
Хэвлэгдсэн газар Englewood Cliffs, N.J. :
Хэвлэлийн газар Prentice Hall,
Хэвлэгдсэн он 1988.
300 ## - МАТЕРИАЛЫН ТОДОРХОЙЛОЛТ
хуудасны тоо x, 358 p. ;
Хэмжээ 24 cm.
500 ## - Тайлбар
Дансны дугаар БС 4797
546 ## - ХЭЛНИЙ ТУХАЙ МЭДЭЭ
Хэл Англи хэл дээр,
653 ## - Түлхүүр үг
Түлхүүр үг business ethics
653 ## - Түлхүүр үг
Түлхүүр үг professional ethics
740 ## - НОМЫН ГАРЧИГ
Гарчиг Ethics in the system
740 ## - НОМЫН ГАРЧИГ
Гарчиг Ethics in management and the professions
740 ## - НОМЫН ГАРЧИГ
Гарчиг Ethics issues in international business
740 ## - НОМЫН ГАРЧИГ
Гарчиг Perspective
942 ## - ЭЛЕМЕНТИЙН ТӨРӨЛ
Зүйлийн төрөл Ном